Zemská banka - pilier komunálneho úveru v Čechách a na Slovensku do roku 1939

História Zemskej banky a jej pôsobenie v Čechách a na Slovensku. Poskytovanie komunálnych úverov, pôžičiek, melioračných pôžičiek, železničných úverov. Správne orgány centrály Zemskej banky v Prahe. Filiálka Zemskej banky v Bratislave. Filiálka Zemskej banky v Užhorode. Zánik banky a jej filiálok.

Gespeichert in:
Bibliographische Detailangaben
1. Verfasser: Kancelová, D.
Format: Buchkapitel
Sprache:Slowakisch
Schlagworte:
Tags: Tag hinzufügen
Keine Tags, Fügen Sie das erste Tag hinzu!

MARC

LEADER 00000naa a2200000 4500
001 r027720
005 20221130073318.8
041 0 |a slo 
044 |a SK 
245 1 0 |a Zemská banka - pilier komunálneho úveru v Čechách a na Slovensku do roku 1939  |c D. Kancelová 
520 |a História Zemskej banky a jej pôsobenie v Čechách a na Slovensku. Poskytovanie komunálnych úverov, pôžičiek, melioračných pôžičiek, železničných úverov. Správne orgány centrály Zemskej banky v Prahe. Filiálka Zemskej banky v Bratislave. Filiálka Zemskej banky v Užhorode. Zánik banky a jej filiálok. 
610 2 0 |a Zemská banka 
610 2 0 |a história 
610 2 0 |a úver bankový 
610 2 0 |a pôžičky 
610 2 0 |a ČSR 
610 2 0 |a filiálky 
100 1 |a Kancelová, D.